| 000 | 00327nam a22001337a 4500 | ||
|---|---|---|---|
| 020 | _a0000000276276 | ||
| 040 | _cNUST | ||
| 082 | _a910.4 AZI | ||
| 100 |
_a Aziz Zulfiqar _988523 |
||
| 245 |
_aRound The World: _bSafarnama |
||
| 260 |
_aLAHORE: _bNigarshat Publishers, _c2020. |
||
| 650 |
_aSafarnama _990598 |
||
| 942 |
_2ddc _cBK |
||
| 999 |
_c587660 _d587660 |
||